000
00311nam a2200133Ia 4500
005
20251222143249.0
008
251222s9999||||xx |||||||||||||| ||spa||
020
_a
9972-58-126-8
082
_a
276.985/J81
100
_a
Chiquillanqui, Julio
245
0
_a
Juan Pablo II:
264
_b
QW Editores
942
_c
LIB
999
_c
14872
_d
14872